Africa : its peoples and their culture history /

Saved in:

Main Author: Murdock, George Peter, 1897-1985 (Author)

Format: Book

Language: English

Published: New York : McGraw-Hill, 1959.

Subjects:

Tags: Add Tag

No Tags, Be the first to tag this record!

Call Number: DT14 .M8 1959

LEADER 00736nam a22002411 4500
001 9199
003 OSt
005 20260315115819.0
008 130303s1959 nyuab b 000 0 eng d
010 |a 59008552 
015 |a GB59-14057 
040 |c ARCE Library 
043 |a f------ 
050 4 |a DT14 .M8 1959 
100 1 |a Murdock, George Peter,  |d 1897-1985,  |e author  |9 36505 
245 1 0 |a Africa :  |b its peoples and their culture history /  |c George Peter Murdock. 
264 1 |a New York :   |b McGraw-Hill,   |c 1959. 
300 |a xiii, 456 pages :  |b illustrations, maps (1 fold. in pocket) ;   |c 24 cm. 
504 |a Includes bibliographical references. 
651 0 |a Africa  |x Civilization. 
901 |a reviewed 
942 |c BK  |2 lcc 
999 |c 11783  |d 11783